Cyclisme sur route : Les 54 pays représentés aux Jeux Olympiques 2024 - Statistiques

Statistiques générales
  • Ce quiz a été pris 86 fois
  • Le résultat moyen est 39 sur 54
Statistiques - réponses
Meilleur Résultat 2024 Nombre de coureurs Pays représentés % Correct
2eme 4 France
100%
1er 4 Belgique
97%
9eme 3 États-Unis
97%
7eme 2 Suisse
93%
18eme 3 Espagne
92%
56eme 1 Japon
92%
8eme 4 Slovénie
92%
68eme 1 Chine
90%
17eme 4 Danemark
90%
13eme 4 Royaume-Uni
90%
28eme 2 Allemagne
89%
41eme 2 Canada
89%
23eme 3 Italie
89%
12eme 3 Pays-Bas
89%
15eme 3 Australie
88%
Abandon 1 Maroc
88%
33eme 2 Portugal
86%
58eme 1 Suede
86%
10eme 2 Irlande
85%
63eme 2 Norvège
84%
19eme 2 Colombie
82%
27eme 2 Nouvelle-Zelande
82%
54eme 1 Argentine
81%
4eme 1 Hongrie
81%
61eme 1 Pologne
81%
6eme 2 Autriche
79%
71eme 1 Brésil
79%
Abandon 1 Algérie
78%
49eme 1 Érythrée
78%
Abandon 1 Russie
78%
5eme 1 Lettonie
77%
69eme 1 Afrique du Sud
75%
75eme 1 Grèce
75%
45eme 1 Équateur
74%
66eme 1 Ukraine
73%
30eme 1 Estonie
71%
40eme 1 Luxembourg
71%
14eme 1 République Tchèque
71%
52eme 2 Kazakhstan
70%
Abandon 1 Turquie
70%
64eme 1 Serbie
63%
65eme 1 Corée du Sud
59%
62eme 1 Israël
56%
76eme 1 Iran
52%
55eme 1 Uruguay
52%
53eme 1 Venezuela
51%
57eme 1 Mongolie
48%
Abandon 1 Rwanda
41%
Abandon 1 Thaïlande
38%
Abandon 1 Ouzbékistan
37%
67eme 1 Panama
30%
77eme 1 Ouganda
19%
Abandon 1 Maurice
18%
Abandon 1 Hong Kong
16%
Aucun quiz correspondant
Distribution des résultats
% des personnes avec chaque résultat
Percentile par nombre de réponses
Votre historique - résultats
Vous n’avez pas pris ce quiz